000 00295nam a22001217a 4500
008 181005b xxu||||| |||| 00| 0 eng d
041 _aeng
080 _a941
100 _a18
101 _aHIS
245 _aThe Intellectual Revolution of the Seventeenth Century
_cWebster, Ch
942 _2udc
_cBK
999 _c48894
_d48894